| 000 | 00448nam a2200193Ia 4500 | ||
|---|---|---|---|
| 005 | 20240823014001.0 | ||
| 008 | 240823s9999||||xx |||||||||||||| ||und|| | ||
| 020 | _a81-7722-571-5 | ||
| 041 | _aENGLISH | ||
| 082 | _A658.4092 P5 | ||
| 100 | _a"Dubrin,Andrew j" | ||
| 245 | 0 | _aLeadership | |
| 250 | _a4th | ||
| 260 |
_c2005 _b"Biztantra,New " |
||
| 500 | _aYES | ||
| 650 |
_aResearching _bManagement Studies |
||
| 942 | _cBK | ||
| 999 |
_c168786 _d168786 |
||